000
00189 a2200097 4500
020
_a
9781585424337
041
_a
spa
100
_a
Napoleon Hill
245
_a
Thik and Grow Rich
942
_c
BK
999
_c
15210
_d
15210